Normal view
MARC view
Entry Personal Name
001 - CONTROL NUMBER
- control field: 38012
003 - CONTROL NUMBER IDENTIFIER
- control field: OSt
005 - DATE AND TIME OF LATEST TRANSACTION
- control field: 20160212145508.0
008 - FIXED-LENGTH DATA ELEMENTS
- fixed length control field: 160212|| aca||aabn | a|a d
040 ## - CATALOGING SOURCE
- Original cataloging agency: OSt
- Transcribing agency: OSt
100 ## - HEADING--PERSONAL NAME
- Personal name: खण्डेलवाल नन्नूलाल
670 ## - SOURCE DATA FOUND
- Source citation: Work cat.: (OSt)25246: खण्डेलवाल नन्नूलाल , पंचायत-राज









